[Event "Moscow Open A 2015"]
[Site "Moscow RUS"]
[Date "2015.02.02"]
[Round "3.41"]
[White "Sattarov, Bobir"]
[Black "Petrov, Nikita"]
[Result "0-1"]
[BlackTitle "IM"]
[WhiteElo "2243"]
[BlackElo "2436"]
[WhiteFideId "14203081"]
[BlackFideId "4101286"]
[EventDate "2015.01.31"]

1. e4 c5 2. Nf3 e6 3. d3 Nc6 4. g3 Nge7 5. Bg2 g6 6. h4 h6 7. c3 Bg7 8. Be3 b6
9. O-O d5 10. Na3 O-O 11. Re1 d4 12. cxd4 cxd4 13. Bd2 e5 14. b4 a6 15. Nc4 b5
16. Na5 Nxa5 17. bxa5 Bd7 18. Rc1 Rc8 19. Rxc8 Qxc8 20. Bb4 Re8 21. Qd2 Nc6 22.
Rc1 Qd8 23. Bh3 Kh7 24. Bxd7 Qxd7 25. h5 g5 26. Kg2 Bf6 27. Nh2 Rc8 28. Ba3 Bd8
29. Rc5 Bxa5 30. Qd1 0-1

[Event "Moscow Open A 2015"]
[Site "Moscow RUS"]
[Date "2015.02.02"]
[Round "3.42"]
[White "Kukhmazov, Arsen"]
[Black "Bykov, Egor"]
[Result "1-0"]
[WhiteTitle "FM"]
[WhiteElo "2434"]
[BlackElo "2109"]
[WhiteFideId "24108260"]
[BlackFideId "34115290"]
[EventDate "2015.01.31"]

1. d4 d5 2. c4 c6 3. Nf3 Nf6 4. Nc3 g6 5. Bf4 Bg7 6. e3 O-O 7. h3 Qb6 8. Qb3
Nbd7 9. Be2 dxc4 10. Bxc4 Qxb3 11. Bxb3 b5 12. Bc2 b4 13. Na4 Ba6 14. a3 Nd5 15.
axb4 Nxb4 16. O-O-O Nxc2 17. Kxc2 Be2 18. Rd2 Bxf3 19. gxf3 e5 20. dxe5 Nxe5 21.
Bxe5 Bxe5 22. f4 Bg7 23. Rd7 Rfb8 24. Rhd1 Rb4 25. b3 Bf8 26. Rc7 Rab8 27. Rd3
c5 28. Nxc5 Bxc5 29. Rxc5 R8b7 30. Rc4 R4b5 31. Rdc3 Kg7 32. Rc7 Kh6 33. Rxb7
Rxb7 34. Rc5 f5 35. Kc3 Re7 36. Re5 Rc7+ 37. Kd4 Kh5 38. e4 Kh4 39. exf5 gxf5
40. Re3 Kh5 41. Ke5 Kg6 42. Rg3+ Kf7 43. Kxf5 Rc5+ 44. Ke4 Rb5 45. Rc3 a5 46.
Kd4 Rb4+ 47. Kc5 Rxf4 48. Kb5 Rf5+ 49. Rc5 Rf3 50. Ka4 Rxh3 51. Rxa5 Rf3 52. b4
Ke6 53. Kb5 Rxf2 54. Kc6 Rb2 55. b5 Rc2+ 56. Kb7 Kd7 57. b6 Rd2 58. Ka8 Rb2 59.
b7 Kc7 60. Ra7 1-0

[Event "Moscow Open A 2015"]
[Site "Moscow RUS"]
[Date "2015.02.02"]
[Round "3.43"]
[White "Vokhidov, Shamsiddin"]
[Black "Ponkratov, Pavel"]
[Result "0-1"]
[BlackTitle "GM"]
[WhiteElo "2218"]
[BlackElo "2620"]
[WhiteFideId "14204223"]
[BlackFideId "4157800"]
[EventDate "2015.01.31"]

1. e4 e5 2. Nf3 Nc6 3. Bb5 a6 4. Ba4 Nf6 5. O-O b5 6. Bb3 Bb7 7. d4 Nxd4 8.
Bxf7+ Kxf7 9. Nxe5+ Kg8 10. Qxd4 c5 11. Qd1 Qe7 12. Nf3 Qxe4 13. Bg5 Qg6 14. Bh4
Qf5 15. Nbd2 d5 16. a4 b4 17. a5 d4 18. c3 dxc3 19. bxc3 h6 20. Re1 Nd5 21. Qb3
Rc8 22. Nc4 Kh7 23. Re5 Qg6 24. Rae1 Nxc3 25. Re6 Qf5 26. R6e5 Qf4 27. Bg3 Qf7
28. Nh4 Rd8 29. Rf5 Qd7 30. Nb6 Ne2+ 31. Kh1 Qd2 32. Rf1 Rg8 33. Bc7 Qd3 34. Qb2
Rd4 35. Bg3 Nf4 36. Qb1 Qxb1 37. Rxb1 Be4 38. Re1 Nd3 0-1

[Event "Moscow Open A 2015"]
[Site "Moscow RUS"]
[Date "2015.02.02"]
[Round "3.44"]
[White "Bukavshin, Ivan"]
[Black "Yanchenko, Roman"]
[Result "1-0"]
[WhiteTitle "GM"]
[BlackTitle "FM"]
[WhiteElo "2622"]
[BlackElo "2345"]
[WhiteFideId "4199758"]
[BlackFideId "4137329"]
[EventDate "2015.01.31"]

1. Nf3 Nf6 2. c4 e6 3. d4 b6 4. g3 Bb7 5. Bg2 Be7 6. O-O O-O 7. Nc3 Ne4 8. Bd2
d5 9. cxd5 exd5 10. Rc1 Nd7 11. Bf4 Nxc3 12. Rxc3 c5 13. dxc5 bxc5 14. Ne1 Nf6
15. Nd3 Qb6 16. Be3 Rac8 17. b4 Qa6 18. Nxc5 Bxc5 19. Bxc5 Rfe8 20. Rc2 Ne4 21.
Qd3 Qe6 22. Rfc1 a6 23. a4 h5 24. h4 Qd7 25. b5 axb5 26. axb5 Qe6 27. Bd4 Rxc2
28. Rxc2 Rc8 29. Rxc8+ Qxc8 30. Qe3 Qc4 31. b6 Qb4 32. Kh2 Qd6 33. Bf3 g6 34.
Qh6 Nf6 35. Bxh5 Qf8 36. Qxf8+ Kxf8 37. Bxf6 gxh5 38. f3 1-0

[Event "Moscow Open A 2015"]
[Site "Moscow RUS"]
[Date "2015.02.02"]
[Round "3.45"]
[White "Kutuzov, Denis"]
[Black "Shimanov, Aleksandr"]
[Result "0-1"]
[BlackTitle "GM"]
[WhiteElo "2336"]
[BlackElo "2591"]
[WhiteFideId "4133617"]
[BlackFideId "4198603"]
[EventDate "2015.01.31"]

1. e4 c6 2. d3 d5 3. Nd2 Qc7 4. Ngf3 Bg4 5. g3 Nf6 6. Bg2 e6 7. O-O Be7 8. Re1
O-O 9. h3 Bxf3 10. Qxf3 a5 11. d4 a4 12. c3 Qb6 13. Bf1 c5 14. exd5 Nxd5 15.
dxc5 Bxc5 16. Ne4 Be7 17. Bd3 Nd7 18. Qh5 N7f6 19. Nxf6+ Nxf6 20. Qb5 Qxb5 21.
Bxb5 a3 22. b3 Rfd8 23. Be3 Nd5 24. Bd4 Bf6 25. Bxf6 gxf6 26. Rac1 Nc7 27. Bf1
Rd2 28. Re2 Rad8 29. Rc2 Rd1 30. Kg2 Rb1 31. Red2 Rxd2 32. Rxd2 Nd5 33. c4 Rb2
34. Rd3 Nb4 35. Rd7 Nxa2 36. Rxb7 Nc1 37. c5 a2 38. Ra7 Nxb3 0-1

[Event "Moscow Open A 2015"]
[Site "Moscow RUS"]
[Date "2015.02.02"]
[Round "3.46"]
[White "Kunin, Vitaly"]
[Black "Kholopov, Alexander A."]
[Result "0-1"]
[WhiteTitle "GM"]
[BlackTitle "FM"]
[WhiteElo "2589"]
[BlackElo "2334"]
[WhiteFideId "4128737"]
[BlackFideId "4148100"]
[EventDate "2015.01.31"]

1. d4 d5 2. c4 e5 3. dxe5 d4 4. Nf3 Nc6 5. g3 Nge7 6. Bg2 Ng6 7. Bg5 Qd7 8. O-O
h6 9. Bc1 Ngxe5 10. Nbd2 Be7 11. Nb3 Nxc4 12. Nfxd4 Nxd4 13. Qxd4 Qxd4 14. Nxd4
Nd6 15. Bf4 Bd7 16. Rac1 O-O-O 17. e4 g5 18. Be3 Nb5 19. Rc2 Nxd4 20. Bxd4 Ba4
21. Bxh8 Bxc2 22. Bg7 h5 23. Rc1 Rd1+ 24. Rxd1 Bxd1 25. f4 Bc5+ 26. Kf1 gxf4 27.
gxf4 Be3 28. f5 Bf4 29. e5 Bc2 30. Bh3 Kd7 31. Kg1 a5 32. Bf6 b5 33. e6+ fxe6
34. fxe6+ Kd6 35. b3 Bg6 36. Bc3 b4 37. Bf6 c5 38. Kf2 Bxh2 39. Bd8 Be5 40. Bxa5
Bf6 41. Ke2 Be4 42. Bb6 Bb1 43. Ba7 Bxa2 44. Bb8+ Ke7 45. Bf4 Bxb3 46. Be3 Kd6
47. Bf4+ Be5 48. e7 Ba4 49. Bg5 c4 50. Bf5 Be8 51. Kd1 Kc5 52. Kc1 b3 53. Be3+
Kb4 54. Bh6 Bf6 55. Bf8 c3 56. Bg6 Bg5+ 57. Kd1 c2+ 58. Bxc2 bxc2+ 59. Kxc2 Kc4
60. Kd1 Kd3 61. Ke1 Ke3 62. Kf1 Kf3 63. Kg1 Kg3 64. Bg7 Bxe7 65. Be5+ Kh3 66.
Bd4 Bd6 67. Bb6 Bc6 68. Bd4 Kg4 69. Bf2 Bg3 70. Bd4 h4 0-1

[Event "Moscow Open A 2015"]
[Site "Moscow RUS"]
[Date "2015.02.02"]
[Round "3.47"]
[White "Morgunov, Anatoly"]
[Black "Rozum, Ivan"]
[Result "0-1"]
[WhiteTitle "FM"]
[BlackTitle "GM"]
[WhiteElo "2330"]
[BlackElo "2554"]
[WhiteFideId "4145909"]
[BlackFideId "24104272"]
[EventDate "2015.01.31"]

1. d4 Nf6 2. c4 e6 3. Nc3 Bb4 4. e3 O-O 5. Ne2 c6 6. a3 Ba5 7. g3 d5 8. c5 Bc7
9. f4 b6 10. b4 Ba6 11. Bg2 Bc4 12. O-O Nbd7 13. Qc2 bxc5 14. bxc5 Qc8 15. Bd2
Qa6 16. Bf3 Ne4 17. Bxe4 dxe4 18. Rfe1 f5 19. Qa4 Qxa4 20. Nxa4 Rab8 21. Kf2 Nf6
22. h3 Nd5 23. Rab1 Bd3 24. Rxb8 Rxb8 25. Nec3 Nxc3 26. Nxc3 Rb2 27. Rd1 Ba5 28.
Kg1 Rc2 29. Nxe4 Bxd2 30. Nxd2 Be2 31. Rb1 Rxd2 32. Rb8+ Kf7 33. Rb7+ Kf6 34.
Rxa7 Bf3 35. a4 Rg2+ 36. Kf1 Rxg3 37. h4 Bd5 38. Kf2 Rh3 39. a5 Rxh4 40. Ra8
Rh2+ 41. Kf1 Ra2 42. Kg1 Kg6 43. a6 h5 44. a7 Kh7 0-1

[Event "Moscow Open A 2015"]
[Site "Moscow RUS"]
[Date "2015.02.02"]
[Round "3.48"]
[White "Kozlitin, Oleg"]
[Black "Kryakvin, Dmitry"]
[Result "0-1"]
[WhiteTitle "IM"]
[BlackTitle "GM"]
[WhiteElo "2329"]
[BlackElo "2548"]
[WhiteFideId "4143590"]
[BlackFideId "4153278"]
[EventDate "2015.01.31"]

1. e4 d5 2. exd5 Qxd5 3. Nc3 Qd6 4. d4 Nf6 5. Be3 c6 6. Qd2 Bf5 7. Nf3 e6 8. Ne5
Qb4 9. Nc4 Nd5 10. a3 Qe7 11. Bg5 Qc7 12. Nxd5 cxd5 13. Bf4 Qc8 14. Ne5 f6 15.
Nf3 Nc6 16. c4 Be4 17. Qe3 Be7 18. Nd2 Bg6 19. cxd5 exd5 20. Bb5 O-O 21. O-O Re8
22. Rac1 Qf5 23. Bxc6 bxc6 24. Qg3 Rac8 25. Rfe1 c5 26. dxc5 Bxc5 27. Rxe8+ Bxe8
28. Nb3 Bb6 29. Rxc8 Qxc8 30. Qd3 Bg6 31. Qxd5+ Bf7 32. Qd1 Qc4 33. Qc1 Qe2 34.
Qd2 Qe4 35. Qc3 g5 36. Be3 Bd5 37. Kf1 0-1

[Event "Moscow Open A 2015"]
[Site "Moscow RUS"]
[Date "2015.02.02"]
[Round "3.49"]
[White "Demianjuk, Alexander"]
[Black "Pavlov, Sergey2"]
[Result "1/2-1/2"]
[BlackTitle "IM"]
[WhiteElo "2327"]
[BlackElo "2493"]
[WhiteFideId "4134249"]
[BlackFideId "14114330"]
[EventDate "2015.01.31"]

1. d4 Nf6 2. c4 e6 3. Nf3 d5 4. Nc3 dxc4 5. e4 Bb4 6. Bg5 h6 7. Bxf6 Qxf6 8.
Bxc4 c5 9. O-O cxd4 10. e5 Qd8 11. Ne4 O-O 12. Qe2 Qb6 13. Bd3 Nd7 14. Ng3 Rd8
15. Qe4 Nf8 16. Nh5 Be7 17. Qg4 g6 18. Qf4 gxh5 19. Qxh6 Rd7 20. Ng5 Bxg5 21.
Qxg5+ Ng6 22. Qxh5 Kg7 23. f4 Qd8 24. Rf3 Qh8 25. Bxg6 fxg6 26. Qg5 Qd8 27. Qg4
Qe7 28. Rg3 Qf7 29. Rh3 Qe7 30. Rg3 Qf7 31. Rh3 Qe7 32. Rg3 1/2-1/2

[Event "Moscow Open A 2015"]
[Site "Moscow RUS"]
[Date "2015.02.02"]
[Round "3.50"]
[White "Vlassov, Nikolai"]
[Black "Savitskiy, Sergey"]
[Result "1/2-1/2"]
[WhiteTitle "IM"]
[BlackTitle "FM"]
[WhiteElo "2493"]
[BlackElo "2325"]
[WhiteFideId "4103360"]
[BlackFideId "24105660"]
[EventDate "2015.01.31"]

1. e4 c5 2. c3 Nf6 3. e5 Nd5 4. d4 cxd4 5. cxd4 d6 6. Nf3 Nc6 7. Bc4 Nb6 8. Bb3
dxe5 9. d5 Na5 10. Nc3 Nxb3 11. Qxb3 f6 12. Be3 Bf5 13. O-O Nc8 14. Qxb7 Nd6 15.
Qa6 g6 16. a4 Bg7 17. Nb5 Nxb5 18. Qxb5+ Bd7 19. Qc4 a5 20. b4 axb4 21. Qxb4 Qa5
22. Rfb1 Qxd5 23. a5 Kf7 24. a6 Be6 25. a7 Rhd8 26. Ra5 Qd3 27. h3 h6 28. Rc1
Rd7 29. Nd2 f5 30. Nc4 f4 31. Bb6 e4 32. Na3 f3 33. Nb5 Be5 34. g3 e3 35. Bxe3
Bxg3 36. Nd4 Bd6 37. Qb1 Qxb1 38. Rxb1 Bxh3 39. Nxf3 Bf5 40. Rb3 h5 41. Ne5+
Bxe5 42. Rxe5 Raxa7 43. Bxa7 Rxa7 44. Kg2 Kf6 45. Reb5 e6 46. Kf3 g5 47. Rb7 1/2-1/2

[Event "Moscow Open A 2015"]
[Site "Moscow RUS"]
[Date "2015.02.02"]
[Round "3.51"]
[White "Mischuk, Dmitry"]
[Black "Badmatsyrenov, Oleg"]
[Result "0-1"]
[WhiteTitle "IM"]
[BlackTitle "IM"]
[WhiteElo "2323"]
[BlackElo "2481"]
[WhiteFideId "14118734"]
[BlackFideId "24115762"]
[EventDate "2015.01.31"]

1. d4 Nf6 2. c4 c5 3. d5 e6 4. Nc3 exd5 5. cxd5 d6 6. e4 g6 7. f4 Bg7 8. Bb5+
Nfd7 9. Nf3 a6 10. Bd3 b5 11. O-O O-O 12. a3 Nb6 13. f5 N8d7 14. Bg5 Bf6 15.
Bxf6 Qxf6 16. Qd2 Ne5 17. Kh1 Nbd7 18. Rae1 Nxf3 19. Rxf3 Ne5 20. Rg3 b4 21.
axb4 cxb4 22. Ne2 Bd7 23. Nf4 Kh8 24. Qxb4 Rfb8 25. Qd2 Rb3 26. fxg6 fxg6 27.
Rf1 Rxd3 28. Rxd3 Nxd3 29. Qxd3 Bb5 30. Nxg6+ Qxg6 31. Qc3+ Qg7 0-1

[Event "Moscow Open A 2015"]
[Site "Moscow RUS"]
[Date "2015.02.02"]
[Round "3.52"]
[White "Geller, Jakov"]
[Black "Kotlyar, Kirill"]
[Result "1-0"]
[WhiteTitle "GM"]
[BlackTitle "FM"]
[WhiteElo "2472"]
[BlackElo "2320"]
[WhiteFideId "4151984"]
[BlackFideId "24145599"]
[EventDate "2015.01.31"]

1. e4 c5 2. Nf3 Nc6 3. d4 cxd4 4. Nxd4 Nf6 5. Nc3 d6 6. Bg5 e6 7. Qd2 a6 8.
O-O-O h6 9. Nxc6 bxc6 10. Bf4 d5 11. Qe3 Bb4 12. Be2 O-O 13. e5 Nh7 14. Ne4 a5
15. a3 Be7 16. h4 Kh8 17. g4 Rb8 18. g5 Qb6 19. Qxb6 Rxb6 20. Be3 Ba6 21. Bg4
Rb5 22. Nd6 Rbb8 23. f4 Bxd6 24. exd6 Rfd8 25. Bd4 f6 26. gxf6 gxf6 27. Bxe6 Bc8
28. Rde1 Rxd6 29. Bf7 Bf5 30. Re7 a4 31. Rg1 c5 32. Bg6 1-0

[Event "Moscow Open A 2015"]
[Site "Moscow RUS"]
[Date "2015.02.02"]
[Round "3.53"]
[White "Mokshanov, Alexey"]
[Black "Yeletsky, Ivan"]
[Result "1/2-1/2"]
[WhiteTitle "IM"]
[BlackTitle "FM"]
[WhiteElo "2460"]
[BlackElo "2315"]
[WhiteFideId "24121657"]
[BlackFideId "24180327"]
[EventDate "2015.01.31"]

1. e4 c5 2. Nf3 d6 3. Bb5+ Bd7 4. Bxd7+ Qxd7 5. O-O Nf6 6. Qe2 Nc6 7. c3 e6 8.
d4 cxd4 9. cxd4 d5 10. e5 Ng8 11. a3 Nge7 12. b4 Nc8 13. Nbd2 Nb6 14. Nb3 Nc4
15. Ne1 Be7 16. Qg4 Kf8 17. Nd3 h5 18. Qf3 g6 19. Ndc5 Qc8 20. Be3 b6 21. Nd3 a5
22. Rfb1 Kg7 23. b5 a4 24. bxc6 axb3 25. Rxb3 Qxc6 26. Bc1 Ra7 27. Nb4 Qd7 28.
h3 Rc7 29. Qf4 Na5 30. Rf3 Bd8 31. Rb1 Rc4 32. Be3 Rc3 33. Bd2 Rxf3 34. Qxf3 Nc4
35. Bc1 Be7 36. Rb3 Qa4 37. Rd3 h4 38. Qf4 Rh5 39. Rf3 Qe8 40. Qg4 Qb5 41. Qf4
Qe8 42. Qg4 Qb5 43. Qf4 Qe8 1/2-1/2

[Event "Moscow Open A 2015"]
[Site "Moscow RUS"]
[Date "2015.02.02"]
[Round "3.54"]
[White "Rozhkov, Viacheslav"]
[Black "Barsov, Alexei"]
[Result "1/2-1/2"]
[WhiteTitle "FM"]
[BlackTitle "GM"]
[WhiteElo "2314"]
[BlackElo "2455"]
[WhiteFideId "4181484"]
[BlackFideId "14200082"]
[EventDate "2015.01.31"]

1. e4 e6 2. d4 d5 3. e5 c5 4. c3 Qb6 5. Nf3 Bd7 6. a3 cxd4 7. cxd4 Bb5 8. Bxb5+
Qxb5 9. Nc3 Qd7 10. O-O Ne7 11. Nh4 Ng6 12. Qh5 Nxh4 13. Qxh4 Nc6 14. Ne2 h5 15.
Bg5 Be7 16. Rac1 g6 17. Rc3 Bxg5 18. Qxg5 h4 19. Qf6 Rh7 20. Rfc1 Qd8 21. Rb3
Qxf6 22. exf6 O-O-O 23. Nf4 Rd6 24. Nd3 Kb8 25. Rbc3 a5 26. Ne5 Nxd4 27. Rc8+
Ka7 28. R1c7 Rb6 29. h3 Rh5 30. Ng4 Nb5 31. Rd7 d4 32. Rcd8 Rc5 33. Rxf7 Nd6 34.
Rfd7 Rd5 35. f7 Nxf7 36. Rxd5 exd5 37. Rxd5 Rxb2 38. Rxa5+ Kb6 39. Rd5 Rd2 40.
Rd7 Ng5 41. Rd6+ Kc5 42. Rxg6 Ne4 43. Re6 Rd1+ 44. Kh2 Nd2 45. g3 d3 46. Kg2 Nc4
47. Re8 d2 48. Rc8+ Kd6 49. Rxc4 Rg1+ 50. Kxg1 d1=Q+ 51. Kg2 hxg3 52. Kxg3 Qd3+
53. Ne3 Qxa3 54. h4 b5 55. Rd4+ Kc5 56. Rd5+ Kc6 57. h5 Qa1 58. Rd1 Qe5+ 59. Kg4
Qg7+ 60. Kf4 Qf7+ 61. Kg5 Qg7+ 62. Kf4 Qf7+ 63. Kg5 Qe7+ 64. Kg6 Qe4+ 65. Kg5
Qe7+ 66. Kg6 Qe8+ 67. Kg5 Qg8+ 68. Kf4 Qf7+ 1/2-1/2

[Event "Moscow Open A 2015"]
[Site "Moscow RUS"]
[Date "2015.02.02"]
[Round "3.55"]
[White "Pourramezanali, Amirreza"]
[Black "Zhurikhin, Alexander"]
[Result "1/2-1/2"]
[WhiteTitle "IM"]
[BlackTitle "FM"]
[WhiteElo "2432"]
[BlackElo "2314"]
[WhiteFideId "12511412"]
[BlackFideId "4139569"]
[EventDate "2015.01.31"]

1. e4 c6 2. d4 d5 3. e5 c5 4. dxc5 Nc6 5. Bb5 e6 6. Be3 Ne7 7. c3 Bd7 8. Bxc6
Bxc6 9. Nf3 Nf5 10. Bd4 Nxd4 11. Qxd4 a5 12. a4 Be7 13. O-O O-O 14. Nbd2 Qc7 15.
Ne1 Be8 16. Nd3 f6 17. Qg4 Bd7 18. Nf3 Bxc5 19. Nxc5 Qxc5 20. Rfe1 Qb6 21. Re2
Rac8 22. exf6 Rxf6 23. Ne5 Be8 24. h3 Rf5 25. Qh4 Qd8 26. Qd4 Qc7 27. Rae1 h6
28. Re3 Qc5 29. Qh4 Qf8 30. b3 Qf6 31. Qg3 h5 32. h4 Rf4 33. Nf3 Bd7 34. Ng5 Rf8
35. f3 d4 36. cxd4 Qxd4 37. Qf2 Rxh4 38. Ne4 Rhf4 39. Qe2 Bc6 40. Rd1 Qa7 41.
Ng5 Bd5 42. Kf1 Qb6 43. Nxe6 Bxe6 44. Rxe6 Qxb3 45. Re7 R4f7 46. Rdd7 h4 47.
Rxf7 Rxf7 48. Qe8+ Rf8 49. Qg6 Qc4+ 50. Kg1 Qc5+ 51. Kh1 Qe5 52. Qg4 Qa1+ 53.
Kh2 Qe5+ 54. Kh3 Rf5 55. Rxb7 Rg5 56. Rb8+ Kh7 57. Qe4+ Qxe4 58. fxe4 Re5 59.
Rb5 1/2-1/2

[Event "Moscow Open A 2015"]
[Site "Moscow RUS"]
[Date "2015.02.02"]
[Round "3.56"]
[White "Semiev, Suhrab"]
[Black "Seliverstov, Vladimir"]
[Result "1/2-1/2"]
[WhiteTitle "IM"]
[BlackTitle "FM"]
[WhiteElo "2310"]
[BlackElo "2432"]
[WhiteFideId "14000865"]
[BlackFideId "4192036"]
[EventDate "2015.01.31"]

1. d4 Nf6 2. Nc3 d5 3. Bf4 c5 4. e3 cxd4 5. exd4 a6 6. Nf3 Bg4 7. h3 Bxf3 8.
Qxf3 e6 9. O-O-O Nc6 10. g4 Qa5 11. g5 Nd7 12. Kb1 Rc8 13. Bg2 Nb6 14. Rhe1 Bb4
15. Re3 Nc4 16. Nxd5 Nxe3 17. Qxe3 O-O 18. Nf6+ gxf6 19. gxf6 Kh8 20. c3 Rg8 21.
Bxc6 Rxc6 22. cxb4 Qf5+ 23. Ka1 Rc2 24. a3 h5 25. Re1 Kh7 26. Bg3 Qxf6 27. Qe4+
Qg6 28. Qxb7 Rgc8 29. Bf4 Qf5 30. Be3 R8c7 31. Qb8 Qg6 32. h4 R7c4 33. Qf4 Rxb2
34. Kxb2 Qc2+ 35. Ka1 Qc3+ 36. Ka2 Qc2+ 37. Ka1 Qc3+ 38. Ka2 Qc2+ 39. Ka1 Qc3+
40. Ka2 Qc2+ 1/2-1/2

[Event "Moscow Open A 2015"]
[Site "Moscow RUS"]
[Date "2015.02.02"]
[Round "3.57"]
[White "Kopylov, Alexander A."]
[Black "Batyuk, Artem"]
[Result "1-0"]
[WhiteTitle "IM"]
[WhiteElo "2420"]
[BlackElo "2306"]
[WhiteFideId "4164857"]
[BlackFideId "34115088"]
[EventDate "2015.01.31"]

1. e4 c5 2. Nf3 d6 3. d4 cxd4 4. Nxd4 Nf6 5. Nc3 a6 6. Be3 e5 7. Nb3 Be7 8. Qd2
Be6 9. f3 O-O 10. O-O-O a5 11. a4 Nc6 12. g4 Nb4 13. Kb1 d5 14. g5 Ne8 15. Nxd5
Bxd5 16. exd5 Nd6 17. h4 Qe8 18. Bb5 Nxb5 19. axb5 Qxb5 20. d6 Bd8 21. c3 a4 22.
Nc5 Nc6 23. Qd3 Qxd3+ 24. Rxd3 Bb6 25. d7 Nd8 26. h5 f5 27. Rhd1 Bc7 28. Rd5 Ra5
29. b4 axb3 30. Nxb3 Rxd5 31. Rxd5 b6 32. g6 f4 33. Bf2 hxg6 34. hxg6 Rf6 35.
Bh4 Re6 36. Nd2 Kf8 37. Ne4 Rxg6 38. Bxd8 Bxd8 39. Rxe5 Be7 40. Rf5+ Kg8 41. Rd5 1-0

[Event "Moscow Open A 2015"]
[Site "Moscow RUS"]
[Date "2015.02.02"]
[Round "3.58"]
[White "Natacheev, Peter"]
[Black "Nikologorskiy, Konstantin"]
[Result "1-0"]
[WhiteTitle "FM"]
[BlackTitle "FM"]
[WhiteElo "2308"]
[BlackElo "2414"]
[WhiteFideId "4191854"]
[BlackFideId "24111708"]
[EventDate "2015.01.31"]

1. e4 c5 2. c3 Nf6 3. e5 Nd5 4. d4 cxd4 5. Qxd4 e6 6. Nf3 Nc6 7. Qe4 d6 8. exd6
Bxd6 9. Bd3 f5 10. Qe2 O-O 11. Bc4 Re8 12. O-O Nf4 13. Bxf4 Bxf4 14. Na3 a6 15.
Nc2 b5 16. Bb3 Na5 17. Ncd4 Nxb3 18. axb3 Qf6 19. Rfe1 e5 20. Nxb5 e4 21. Nbd4
Bb7 22. Nd2 Be5 23. Ra4 Rad8 24. Rb4 Bd5 25. Ra1 Qh4 26. g3 Qh3 27. Nc4 f4 28.
Nxe5 Rxe5 29. Qf1 Qh5 30. Ne2 Rf8 31. c4 e3 32. fxe3 Bf3 33. Nxf4 Rxf4 34. gxf4
Re6 35. Kf2 Bc6 36. Rb8+ Kf7 37. Ke1 Rxe3+ 38. Kd2 Qc5 39. Rxa6 Re6 40. Rxc6
Qxc6 41. Rd8 Qe4 42. Rd7+ Kg8 43. Kc3 Rh6 44. Qd3 Qe1+ 45. Qd2 Rh3+ 46. Kb4 1-0

[Event "Moscow Open A 2015"]
[Site "Moscow RUS"]
[Date "2015.02.02"]
[Round "3.59"]
[White "Sadikhov, Ulvi"]
[Black "Oganisian, Roman"]
[Result "1-0"]
[WhiteTitle "FM"]
[BlackTitle "FM"]
[WhiteElo "2414"]
[BlackElo "2304"]
[WhiteFideId "13401416"]
[BlackFideId "4153006"]
[EventDate "2015.01.31"]

1. e4 c5 2. Nf3 d6 3. d4 cxd4 4. Nxd4 Nf6 5. f3 e5 6. Nb3 d5 7. Bg5 Be6 8. Bxf6
gxf6 9. exd5 Qxd5 10. Qxd5 Bxd5 11. Nc3 Be6 12. Nb5 Na6 13. c3 Ke7 14. Rd1 Bh6
15. Nd6 Nc7 16. Na5 Nd5 17. Rxd5 Bxd5 18. Nf5+ Ke8 19. Nxh6 b6 20. Nc4 Rc8 21.
Ne3 Bxa2 22. g3 Rc5 23. Bh3 Ke7 24. Nhf5+ Kd8 25. Nd6 Kc7 26. Ne4 Rc6 27. Ke2
Bb3 28. Nd2 Be6 29. Bf5 b5 30. Ra1 Kb6 31. Ne4 Bxf5 32. Nxf5 Rd8 33. Ne3 a5 34.
Rd1 Rxd1 35. Kxd1 b4 36. Ke2 bxc3 37. bxc3 Kb5 38. Kd3 Ra6 39. h4 a4 40. Kc2 Ra8
41. g4 Rd8 42. c4+ Ka5 43. Nd5 Rb8 44. Nd2 f5 45. gxf5 Rg8 46. Ne4 Rg1 47. Ne7
Rh1 48. Nc6+ Kb6 49. Nxe5 Rxh4 50. c5+ Kc7 51. Nf6 Rd4 52. Ne8+ Kb7 53. c6+ Kb6
54. c7 Kb7 55. Nxf7 h5 56. f6 1-0

[Event "Moscow Open A 2015"]
[Site "Moscow RUS"]
[Date "2015.02.02"]
[Round "3.60"]
[White "Simonian, Tigran"]
[Black "Rakhimgaliyev, Yerlan"]
[Result "1-0"]
[WhiteTitle "IM"]
[BlackTitle "FM"]
[WhiteElo "2412"]
[BlackElo "2302"]
[WhiteFideId "13303597"]
[BlackFideId "13705148"]
[EventDate "2015.01.31"]

1. d4 Nf6 2. c4 g6 3. Nc3 Bg7 4. e4 d6 5. h3 O-O 6. Bg5 c5 7. d5 b5 8. cxb5 a6
9. a4 Qa5 10. Bd2 Qb4 11. Bd3 Nfd7 12. Nf3 c4 13. Bc2 Nc5 14. Ne2 Qxb2 15. Rb1
Qa2 16. O-O Nd3 17. Nfd4 Qa3 18. b6 Bb7 19. Be3 Bxd4 20. Bxd4 e5 21. dxe6 Nc6
22. exf7+ Rxf7 23. Be3 Nce5 24. Ra1 Qb4 25. f4 Nb2 26. Qd4 Nc6 27. Qc3 Qxc3 28.
Nxc3 Nb4 29. Bd1 Re8 30. Rb1 N2d3 31. a5 Bxe4 32. Nxe4 Rxe4 33. Bd2 c3 34. Bxc3
d5 35. Bf3 Rc4 36. Bxb4 Nxb4 37. Rxb4 Rxb4 38. Bxd5 Kf8 39. Bxf7 Kxf7 40. Rc1
Ke6 41. Rc8 Rb5 42. Ra8 1-0

[Event "Moscow Open A 2015"]
[Site "Moscow RUS"]
[Date "2015.02.02"]
[Round "3.61"]
[White "Schekachikhin, Maksim"]
[Black "Demin, Alexandr"]
[Result "1-0"]
[WhiteTitle "FM"]
[BlackTitle "IM"]
[WhiteElo "2306"]
[BlackElo "2410"]
[WhiteFideId "24177830"]
[BlackFideId "4152921"]
[EventDate "2015.01.31"]

1. e4 Nf6 2. e5 Nd5 3. d4 d6 4. Nf3 Bg4 5. Be2 e6 6. h3 Bxf3 7. Bxf3 Nc6 8. exd6
Qxd6 9. O-O g6 10. Na3 O-O-O 11. Nb5 Qb4 12. a4 a6 13. c3 Qe7 14. Na3 Bg7 15.
Re1 h5 16. Bd2 Bh6 17. b4 Bxd2 18. Qxd2 Qf6 19. Nc4 Nb8 20. b5 g5 21. bxa6 Nxa6
22. Ne5 g4 23. hxg4 hxg4 24. Nxg4 Qf5 25. Re5 Qh7 26. g3 Rdg8 27. Rg5 Rxg5 28.
Qxg5 Nxc3 29. Qe3 Nd5 30. Qb3 Nab4 31. Rb1 b6 32. Rc1 Qf5 33. Ne5 Qh7 34. a5 f6
35. Ng4 bxa5 36. Qc4 Qe7 37. Qb5 Qd6 38. Qxa5 Kd7 39. Qb5+ Ke7 40. Qe2 Ra8 41.
Nh6 Kf8 42. Re1 Kg7 43. Ng4 Re8 44. Nh2 Nc3 45. Qd2 Nbd5 46. Ng4 Rh8 47. Rc1 Qb6
48. Kg2 Nb5 49. Bxd5 exd5 50. Rc5 Nd6 51. Qf4 Ne8 52. Rxd5 Qe6 53. Ne3 Qh3+ 54.
Kf3 Nd6 55. Rc5 Rc8 56. Ke2 Qe6 57. Rh5 Rh8 58. Rc5 Rc8 59. g4 c6 60. Qxd6 1-0

[Event "Moscow Open A 2015"]
[Site "Moscow RUS"]
[Date "2015.02.02"]
[Round "3.62"]
[White "Korchmar, Vasiliy"]
[Black "Glukhov, Alexander"]
[Result "1-0"]
[WhiteTitle "FM"]
[WhiteElo "2405"]
[BlackElo "2296"]
[WhiteFideId "24131750"]
[BlackFideId "4178882"]
[EventDate "2015.01.31"]

1. d4 Nf6 2. c4 g6 3. Nc3 d5 4. Nf3 Bg7 5. Qb3 dxc4 6. Qxc4 O-O 7. e4 c6 8. Be2
Bg4 9. Be3 Nbd7 10. Rd1 Qc7 11. O-O Rac8 12. Qb3 Qb6 13. Qa3 a5 14. e5 Nd5 15.
Nxd5 cxd5 16. Qxe7 Qxb2 17. Rd2 Rc2 18. Rxc2 Qxc2 19. Bd1 Qxa2 20. Ng5 Bxd1 21.
e6 Nb8 22. exf7+ Kh8 23. Ne6 Nc6 24. Bh6 1-0